Loving each other [
| Main Author: | |
|---|---|
| Format: | Book |
| Published: |
Illinois :
Nightingale-Conant ,
19_.
|
| Subjects: |
MARC
| LEADER | 00000cam a2200000 7i4500 | ||
|---|---|---|---|
| 001 | 0000000018 | ||
| 002 | 000000026 | ||
| 005 | 20021106.0 | ||
| 020 | |a 1555252192 | ||
| 090 | 0 | 0 | |a 152.41 |b BUS |
| 100 | 0 | |a Buscaglia, Leo | |
| 245 | 1 | 0 | |a Loving each other [ |h sound recording] |c Leo Buscaglia |
| 260 | |a Illinois : |b Nightingale-Conant , |c 19_. | ||
| 300 | |a 1 sound cassette (90:00 minutes) | ||
| 650 | 0 | 0 | |a Love |
| 999 | |a KT0037 |b KASET |c RUJUKAN |e PERPUSTAKAAN KOMUNITI PETALING JAYA | ||